01820cam a2200373 a 4500001000700000003000400007005001700011008004100028010001700069035002200086035003300108040001800141042001400159043001200173082002300185111007000208245030700278246007800585260012900663300002500792504004100817650005000858650005700908650005900965650008301024650006201107700002501169710002901194710005301223906004501276942001201321999001501333952009801348232184OSt20230621120725.0990429s1996 dcu b i100 0 eng  a 99201318  a(CU)GLAD117979331 a(CStRLIN)CUBGGLAD117979331-B aDLCcDLCdDLC alccopycat afb-----00a328/.0967221bEDI2 aAfrican Parliamentarians Meetingd(1996 :cAddis Ababa, Ethiopia)10aParliamentarians & the sustenance of political liberalisation in Africa :bsumary report & papers of an international conference jointly organised by the Africa Leadership Forum and the Economic Commission for Africa : Addis Ababa, Ethiopia, 5-7 April 1996 /c[compiled & edited by Ayodele Aderinwale].3 aParliamentarians and the sustenance of political liberalisation in Africa aWashington, D.C. :bEconomic Development of the World Bank (EDI), Regulatory Reform and Private Enterprise Division,cc1996. aiv, 238 p. ;c28 cm. aIncludes bibliographical references. 0aLegislatorszAfrica, Sub-SaharanvCongresses. 0aLegislative bodieszAfrica, Sub-SaharanvCongresses. 0aPolitical leadershipzAfrica, Sub-SaharanvCongresses. 0aRepresentative government and representationzAfrica, Sub-SaharanvCongresses. 0aPolitical participationzAfrica, Sub-SaharanvCongresses.1 aAderinwale, Ayodele.2 aAfrica Leadership Forum.2 aUnited Nations.bEconomic Commission for Africa. a7bcbcccopycatd2encipf19gy-gencatlg 2ddccBK c2140d2140 00102ddc4070a002b002d2023-06-21l0o328/.0967 EDIp10011141r2023-06-21w2023-06-21yBK